[Event "Regionalliga NW 0001"]
[Site "Bayern"]
[Date "2001.01.14"]
[Round "4.5"]
[White "Zschunke, Werner"]
[Black "Bieber, Peter"]
[Result "1/2-1/2"]
[WhiteElo "2035"]
[BlackElo "2015"]
[PlyCount "32"]
[EventDate "2000.10.15"]
[EventType "team-tourn"]
[EventRounds "9"]
[EventCountry "GER"]
[SourceTitle "EXT 2020"]
[Source "ChessBase"]
[SourceDate "2019.10.17"]
[SourceVersion "1"]
[SourceVersionDate "2019.10.17"]
[SourceQuality "1"]
[WhiteTeam "Schweinfurt Fr"]
[BlackTeam "Kitzingen SC"]
[WhiteTeamCountry "GER"]
[BlackTeamCountry "GER"]

1. c4 g6 2. Nc3 Bg7 3. e4 d6 4. d4 Nc6 5. Be3 e5 6. Nf3 Bg4 7. dxe5 Bxf3 8. Qxf3 dxe5 9. Qd1 Nd4 10. Be2 Ne7 11. 0-0 c5 12. Bxd4 exd4 13. Nd5 0-0 14. Bd3 Rc8 15. f4 Nxd5 16. exd5 f5 1/2-1/2

[Event "Regionalliga NW 9900"]
[Site "Bayern"]
[Date "2000.??.??"]
[Round "9.3"]
[White "Bieber, Peter"]
[Black "Dittmann, Rainer"]
[Result "1-0"]
[WhiteElo "2005"]
[BlackElo "2085"]
[PlyCount "129"]
[EventDate "1999.??.??"]
[EventType "team-tourn"]
[EventRounds "9"]
[EventCountry "GER"]
[SourceTitle "EXT 2020"]
[Source "ChessBase"]
[SourceDate "2019.10.17"]
[SourceVersion "1"]
[SourceVersionDate "2019.10.17"]
[SourceQuality "1"]
[WhiteTeam "Kitzingen SC"]
[BlackTeam "Schweinfurt Fr"]
[WhiteTeamCountry "GER"]
[BlackTeamCountry "GER"]

1. c4 Nf6 2. Nc3 e6 3. e4 d5 4. e5 d4 5. exf6 dxc3 6. bxc3 Qxf6 7. d4 Bd7 8. Be2 Be7 9. Nf3 h6 10. Ne5 0-0 11. Bf3 Bc6 12. Nxc6 Nxc6 13. Rb1 Rab8 14. 0-0 e5 15. d5 Na5 16. Qa4 b6 17. Be3 Qh4 18. Be2 Qe4 19. Rfd1 Rbd8 20. Bd3 Qg4 21. f3 Qd7 22. Qxd7 Rxd7 23. f4 exf4 24. Bxf4 Bc5+ 25. Kf1 Re8 26. Re1 Rde7 27. Bxc7 Re3 28. d6 Rxe1+ 29. Rxe1 Rxe1+ 30. Kxe1 Nb7 31. d7 Be7 32. Be4 Bd8 33. Bb8 Nc5 34. Bc6 a6 35. Bd6 g6 36. Ke2 Kg7 37. Ke3 Kf6 38. Kd4 Ne6+ 39. Kd5 Nc7+ 40. Bxc7 Bxc7 41. a4 Ke7 42. h3 Bf4 43. c5 Be3 44. cxb6 Bxb6 45. Bb7 Kxd7 46. Bxa6 Ba5 47. c4 Bc3 48. Bb5+ Kc7 49. Be8 f5 50. Bxg6 f4 51. Ke4 Bd2 52. Kf5 Kb6 53. Bf7 Bc1 54. Bd5 Bd2 55. h4 Kc5 56. h5 Kd6 57. Kg6 Ke5 58. Bf3 Be3 59. Kxh6 Kf6 60. a5 Bd2 61. a6 Be3 62. Kh7 Kf7 63. Bd5+ Kf6 64. Kg8 Kg5 65. Kf7 1-0

[Event "Landesliga Nord 9899"]
[Site "Bayern"]
[Date "1999.05.09"]
[Round "8.5"]
[White "Bieber, Peter"]
[Black "Lechleitner, Walter"]
[Result "1/2-1/2"]
[WhiteElo "2010"]
[BlackElo "2065"]
[PlyCount "33"]
[EventDate "1998.10.11"]
[EventType "team-tourn"]
[EventRounds "9"]
[EventCountry "GER"]
[SourceTitle "EXT 2020"]
[Source "ChessBase"]
[SourceDate "2019.10.17"]
[SourceVersion "1"]
[SourceVersionDate "2019.10.17"]
[SourceQuality "1"]
[WhiteTeam "Kitzingen SC"]
[BlackTeam "Kronach"]
[WhiteTeamCountry "GER"]
[BlackTeamCountry "GER"]

1. c4 Nf6 2. Nc3 e6 3. g3 c5 4. Bg2 Be7 5. Nf3 Nc6 6. 0-0 b6 7. e4 d6 8. d3 0-0 9. h3 Bb7 10. Bg5 h6 11. Bxf6 Bxf6 12. Qd2 Nd4 13. Nxd4 Bxd4 14. Ne2 Bf6 15. f4 g5 16. Rad1 Qe7 17. Kh2 1/2-1/2

[Event "Landesliga Nord 9899"]
[Site "Bayern"]
[Date "1999.03.14"]
[Round "6.6"]
[White "Bieber, Peter"]
[Black "Mueller, Christian2222"]
[Result "0-1"]
[WhiteElo "2010"]
[BlackElo "1671"]
[PlyCount "88"]
[EventDate "1998.10.11"]
[EventType "team-tourn"]
[EventRounds "9"]
[EventCountry "GER"]
[SourceTitle "EXT 2020"]
[Source "ChessBase"]
[SourceDate "2019.10.17"]
[SourceVersion "1"]
[SourceVersionDate "2019.10.17"]
[SourceQuality "1"]
[WhiteTeam "Kitzingen SC"]
[BlackTeam "Neutraubling"]
[WhiteTeamCountry "GER"]
[BlackTeamCountry "GER"]

1. c4 c5 2. Nc3 Nf6 3. g3 Nc6 4. Bg2 g6 5. e4 Bg7 6. Nge2 d6 7. 0-0 0-0 8. a3 Rb8 9. Rb1 a6 10. b4 cxb4 11. axb4 b5 12. cxb5 axb5 13. d4 Bd7 14. h3 Nh5 15. g4 Nf6 16. f4 e5 17. d5 Nd4 18. fxe5 dxe5 19. Nxd4 exd4 20. Ne2 Qb6 21. Qd3 Ne8 22. Bf4 Nd6 23. Rfd1 Rbc8 24. Kh1 Nc4 25. Nxd4 Ra8 26. Nb3 Ra3 27. Qe2 Rfa8 28. Nc5 Ra2 29. Qf3 R8a3 30. Rb3 Qa7 31. Rxa3 Rxa3 32. Rd3 Ra1+ 33. Kh2 Ne5 34. Qe2 Nxd3 35. Qxd3 Ra3 36. Qe2 Bd4 37. e5 Bxc5 38. bxc5 Qxc5 39. e6 fxe6 40. dxe6 Be8 41. Qd2 Ra1 42. Qd8 Qg1+ 43. Kg3 Ra3+ 44. Kh4 Qf2+ 0-1

[Event "Landesliga Nord 9899"]
[Site "Bayern"]
[Date "1999.02.07"]
[Round "5.6"]
[White "Eckhardt, Wladislaw"]
[Black "Bieber, Peter"]
[Result "0-1"]
[WhiteElo "2080"]
[BlackElo "2015"]
[PlyCount "80"]
[EventDate "1998.10.11"]
[EventType "team-tourn"]
[EventRounds "9"]
[EventCountry "GER"]
[SourceTitle "EXT 2020"]
[Source "ChessBase"]
[SourceDate "2019.10.17"]
[SourceVersion "1"]
[SourceVersionDate "2019.10.17"]
[SourceQuality "1"]
[WhiteTeam "Fuerth SF"]
[BlackTeam "Kitzingen SC"]
[WhiteTeamCountry "GER"]
[BlackTeamCountry "GER"]

1. d4 g6 2. e4 Bg7 3. Be2 c6 4. Nc3 d5 5. Be3 dxe4 6. Nxe4 Nd7 7. Qd2 Ngf6 8. Ng3 Nb6 9. h3 Nbd5 10. Bh6 Bxh6 11. Qxh6 Nb4 12. Qc1 Qxd4 13. Nf3 Qb6 14. c3 Nbd5 15. c4 Qb4+ 16. Kf1 Nc7 17. a3 Qd6 18. Qc3 Ne6 19. Rd1 Qf4 20. h4 h5 21. Ne5 0-0 22. Bf3 Rd8 23. Rxd8+ Nxd8 24. Nd3 Qh6 25. Qb4 Qf8 26. Ke2 Bg4 27. Bxg4 Nxg4 28. f3 Nf6 29. Re1 b6 30. Kf1 Ne6 31. Ne5 c5 32. Qc3 Nd4 33. Ne4 Nxe4 34. Rxe4 Re8 35. Rf4 f6 36. Qd3 Qh6 37. Nxg6 Kg7 38. Re4 Qxg6 39. g4 f5 40. gxh5 fxe4 0-1

[Event "Regionalliga NW 9900"]
[Site "Bayern"]
[Date "1999.??.??"]
[Round "1.4"]
[White "Bieber, Peter"]
[Black "Kraft, Wolfgang"]
[Result "1/2-1/2"]
[WhiteElo "2005"]
[BlackElo "2090"]
[PlyCount "45"]
[EventDate "1999.??.??"]
[EventType "team-tourn"]
[EventRounds "9"]
[EventCountry "GER"]
[SourceTitle "EXT 2020"]
[Source "ChessBase"]
[SourceDate "2019.10.17"]
[SourceVersion "1"]
[SourceVersionDate "2019.10.17"]
[SourceQuality "1"]
[WhiteTeam "Kitzingen SC"]
[BlackTeam "Dettingen"]
[WhiteTeamCountry "GER"]
[BlackTeamCountry "GER"]

1. c4 e5 2. Nc3 Nf6 3. g3 d5 4. cxd5 Nxd5 5. Bg2 Nb6 6. Nf3 Nc6 7. 0-0 Be7 8. b3 0-0 9. Bb2 Be6 10. Rc1 f6 11. d4 exd4 12. Nb5 Bg4 13. Nfxd4 Nxd4 14. Nxd4 c5 15. h3 Bd7 16. Nc2 Qc8 17. Kh2 Bc6 18. Bxc6 Qxc6 19. Ne3 Rad8 20. Qc2 Rfe8 21. Rfd1 a6 22. Nf5 Bf8 23. Rxd8 1/2-1/2

[Event "Regionalliga NW 9900"]
[Site "Bayern"]
[Date "1999.??.??"]
[Round "2.4"]
[White "Zentgraf, Alexander"]
[Black "Bieber, Peter"]
[Result "1-0"]
[WhiteElo "1940"]
[BlackElo "2005"]
[PlyCount "31"]
[EventDate "1999.??.??"]
[EventType "team-tourn"]
[EventRounds "9"]
[EventCountry "GER"]
[SourceTitle "EXT 2020"]
[Source "ChessBase"]
[SourceDate "2019.10.17"]
[SourceVersion "1"]
[SourceVersionDate "2019.10.17"]
[SourceQuality "1"]
[WhiteTeam "Sailauf"]
[BlackTeam "Kitzingen SC"]
[WhiteTeamCountry "GER"]
[BlackTeamCountry "GER"]

1. e4 c5 2. d4 cxd4 3. c3 dxc3 4. Nxc3 e6 5. Bc4 Nf6 6. Nf3 d6 7. 0-0 Be7 8. Qe2 0-0 9. Rd1 Nc6 10. e5 Ne8 11. exd6 Nxd6 12. Bf4 a6 13. Ne4 b5 14. Bb3 e5 15. Nxe5 Nxe5 16. Bxe5 1-0

[Event "Landesliga Nord 9899"]
[Site "Bayern"]
[Date "1998.10.25"]
[Round "2.5"]
[White "Erlbeck, Peter"]
[Black "Bieber, Peter"]
[Result "1-0"]
[WhiteElo "2075"]
[BlackElo "2015"]
[PlyCount "145"]
[EventDate "1998.10.11"]
[EventType "team-tourn"]
[EventRounds "9"]
[EventCountry "GER"]
[SourceTitle "EXT 2020"]
[Source "ChessBase"]
[SourceDate "2019.10.17"]
[SourceVersion "1"]
[SourceVersionDate "2019.10.17"]
[SourceQuality "1"]
[WhiteTeam "Nuernberg Sued SW"]
[BlackTeam "Kitzingen SC"]
[WhiteTeamCountry "GER"]
[BlackTeamCountry "GER"]

1. e4 c5 2. Nc3 g6 3. f4 Bg7 4. Nf3 Nc6 5. Bc4 e6 6. f5 Nge7 7. fxe6 fxe6 8. d3 a6 9. a4 0-0 10. 0-0 h6 11. Kh1 Kh7 12. Ba2 b6 13. Bd2 Bb7 14. Qe1 Nd4 15. Qh4 Nxf3 16. gxf3 Nc6 17. Be1 Qxh4 18. Bxh4 Nd4 19. Be7 Rf7 20. Bd6 Rc8 21. Rf2 Bf8 22. Bg3 Be7 23. Raf1 g5 24. Nd1 b5 25. c3 Nc6 26. Ne3 b4 27. Kg2 Rcf8 28. h3 Bf6 29. Bd6 Be7 30. Nc4 Ba8 31. Bb1 Bxd6 32. Nxd6 Rf4 33. Bc2 Ne7 34. Nc4 Ng6 35. Ne3 h5 36. Kg3 Kh6 37. Ng2 R4f6 38. d4 e5 39. d5 d6 40. Ne3 Ne7 41. Bd3 Bb7 42. cxb4 cxb4 43. Rc2 Bc8 44. Rc7 Ng6 45. Nf5+ Bxf5 46. exf5 Nh4 47. Be4 Nxf5+ 48. Kf2 R6f7 49. Rfc1 Nd4 50. Rxf7 Rxf7 51. Rc8 g4 52. Rh8+ Kg7 53. Rxh5 gxf3 54. h4 Rf4 55. Bd3 e4 56. Bxa6 Nc2 57. Rg5+ Kh6 58. Kg3 Rf6 59. Rg4 e3 60. Re4 f2 61. Re6 Rxe6 62. dxe6 Nd4 63. e7 Nf5+ 64. Kf3 Nxe7 65. Kxe3 Kh5 66. Kxf2 Kxh4 67. Bb7 Nf5 68. a5 Nd4 69. a6 Nb5 70. Ke3 Kg5 71. Ke4 Kf6 72. Kd5 Ke7 73. Kc6 1-0